00337nam a2200133 a 45000010010000000030011000100080041000210350026000620820017000881000023001052450020001282600036001486500019001840000-9141ELIB.Books110520 1987  a(ELIB.Books)0000-9293 a270.82 bBir aBirkland, Carol J. aUnified in Hope bGeneva: WCC Publications c1987 aChurch History